Central Library OPAC University of Rajshahi

The socialist tradition : (Record no. 43330)

MARC details
000 -LEADER
fixed length control field 00767nam a2200253 a 4500
001 - CONTROL NUMBER
control field 43330
003 - CONTROL NUMBER IDENTIFIER
rucl marc code BD-RJUL
005 - DATE AND TIME OF LATEST TRANSACTION
control field 20211209053702.0
008 - FIXED-LENGTH DATA ELEMENTS--GENERAL INFORMATION
fixed length control field 160621s nyu 001 0 eng
035 ## - SYSTEM CONTROL NUMBER
System control number (BD-RjUL)43448
040 ## - CATALOGING SOURCE
Original cataloging agency BD-RjUL
Language of cataloging eng
Transcribing agency BD-RjUL
041 ## - LANGUAGE CODE
Language code of text/sound track or separate title eng
082 ## - DEWEY DECIMAL CLASSIFICATION NUMBER
Edition number 19
Classification number 335
Author mark and year GRS 1946
100 1# - MAIN ENTRY--PERSONAL NAME
Personal name Gray, Alexander,
Dates associated with a name 1882-1968.
9 (RLIN) 14646
245 14 - TITLE STATEMENT
Title The socialist tradition :
Remainder of title Moses to Lenin /
Statement of responsibility, etc. by Alexander Gray.
260 ## - PUBLICATION, DISTRIBUTION, ETC. (IMPRINT)
Place of publication, distribution, etc. New York :
Name of publisher, distributor, etc. Harper & Row,
Date of publication, distribution, etc. c1963
300 ## - PHYSICAL DESCRIPTION
Pagination xx, 523 p. ;
Size 21 cm.
500 ## - GENERAL NOTE
General note "First published 1946."
General note Includes bibliographical footnotes and index.
650 #0 - SUBJECT ADDED ENTRY--TOPICAL TERM
Topical term or geographic name as entry element Socialism
General subdivision History.
9 (RLIN) 10723
830 #0 - SERIES ADDED ENTRY--UNIFORM TITLE
Volume number/sequential designation TB1375
Uniform title Harper torchbooks ;
942 ## - ADDED ENTRY ELEMENTS (KOHA)
Source of classification or shelving scheme Dewey Decimal Classification
Koha item type Books
Holdings
Lost status Source of classification or shelving scheme Damaged status Not for loan Collection code Permanent Location Current Location Shelving location Date acquired Source of acquisition Cost, normal purchase price Total Checkouts Full call number Date last seen Copy number Koha item type
  Dewey Decimal Classification     Non-fiction Central Library, University of Rajshahi Central Library, University of Rajshahi   16/03/1963 Zeithlinger 45.00   335 GRS 1946 21/06/2016 C-2 Books